La bonne journée : 2 juin : journée du... (mort subite) - Statistiques

Statistiques générales
  • Ce quiz a été pris 9 fois
  • Le résultat moyen est 3 sur 6
Answers on the Grid
Answers color-coded by a green-red scale on the quiz's grid according to % correct below.
Comme il va galérer le butternut !
Ou alors si vous préférez : juteuse
Mais grâce à sa préparation crémeuse
Ou pourquoi pas extrêmement laiteuse
Elle va se régaler l’auto-stoppeuse
Aujourd’hui, c’est la journée du caddie
C’est vraiment une très grosse mangeuse
Avec une préparation huileuse
La reine des omelettes baveuses
En trois minutes, il va être rempli
Aujourd’hui, c’est la journée du donut
Voire éventuellement très mousseuse
 
Statistiques - réponses
Réponse % Correct
Aujourd’hui, c’est la journée du donut
63%
Comme il va galérer le butternut !
50%
La reine des omelettes baveuses
50%
Elle va se régaler l’auto-stoppeuse
38%
C’est vraiment une très grosse mangeuse
25%
Mais grâce à sa préparation crémeuse
25%
Aucun quiz correspondant
Distribution des résultats
% des personnes avec chaque résultat
Percentile par nombre de réponses
Votre historique - résultats
Vous n’avez pas pris ce quiz